Seconde A - UA - My Hero Academia - Statistiques

Statistiques générales
  • Ce quiz a été pris 1 101 fois
  • Le résultat moyen est 21 sur 26
Statistiques - réponses
Réponse % Correct
One For All Izuku Midoriya
97%
Glace et Feu Shoto Todoroki
97%
Explosion Katsuki Bakugo
96%
Professeur Principale de la Seconde A Shota Aizawa
96%
Gravité Zero Ochaco Uraraka
94%
Création Momo Yaoyorozu
93%
Professeur d'héroïsme All Might
92%
Électricité Denki Kaminari
92%
Grenouille Tsuyu Asui
92%
Acide Mina Ashido
89%
Durcissement Eijiro Kirishima
88%
Boing Boing Minoru Mineta
87%
Engine Tenya Iida
87%
Dark Shadow Fumikage Tokoyami
84%
Ruban Adhésif Hanta Sero
77%
Professeur d'Art Moderne Nemuri Kayama
77%
Earphone Jack Kyoka Jiro
76%
Nombrilaser Yuga Aoyama
76%
Invisibilité Toru Hagakure
68%
Professeur d'Anglais Hizashi Yamada
66%
La voix du vivant Koji Koda
66%
Bras cloneurs Mezo Shoji
63%
Tail Mashirao Ojiro
60%
Sugar Dope Rikido Sato
56%
Professeur de Littérature Ken Ishiyama
51%
Professeur de Mathématiques Ectoplasm
47%
Aucun quiz correspondant
Distribution des résultats
% des personnes avec chaque résultat
Percentile par nombre de réponses
Votre historique - résultats
Vous n’avez pas pris ce quiz